000 00746nam a22001817a 4500
999 _c371871
_d371871
008 201127b ||||| |||| 00| 0 eng d
040 _aDE-2950
_bger
_cDE-2950
_erda
041 _ager
245 _aInvestition in Digitalisierung.
_bGesundheit: Das Lutherstift Krankenhaus erhält fast eine Million Euro Fördermittel. Es soll in elektronische Behandlungsunterlagen und mehr fließen /
_cInes Weber-Rath
264 _c2022
653 _aFrankfurt (Oder)
653 _aKrankenhaus Lutherstift
773 _dFrankfurt (Oder) Märkisches Verlags- und Druckhaus GmbH & Co KG
_tMärkische Oderzeitung
_g33. Jahrgang (2022) Nr. 221 vom 21.09.2022, S. 13: Abb.
942 _cA